Missing Word: Oscar Nominated Disney Quiz Stats

 Plays Quiz Updated Oct 7, 2018

Score 0/16 Timer 04:00
0 Plays Today
Hint Answer % Correct
FrozenLet
98.3%
FrozenOpen
97.4%
FrozenSnowman
89.6%
FrozenBetter
84.6%
The Princess and the FrogLittle
80.7%
MoanaFar
75.5%
Brother BearMy
73.9%
MoanaYou're
69.9%
Hint Answer % Correct
The Princess and the FrogThere
68.5%
MoanaWay
57.7%
Brother BearLook
54.7%
Brother BearNo
52.8%
The Princess and the FrogDown
48%
MoanaMoana
42.4%
The Princess and the FrogFriends
36.9%
Brother BearSpirits
12.2%

Today's Daily Dose

Missing Word
Banned Books (A-Z)

Word Ladder
Janis Joplin

Get the Picture
Occupations

You're not logged in!

Compare scores with friends on all Sporcle quizzes.
OR
Log In

Sporcle TV

Today on Sporcle TV


Watch our educational content, quiz creation guides, and fun videos on Sporcle TV.

Show Comments

Extras

Top Quizzes Today


Score Distribution

Your Account Isn't Verified!

In order to create a playlist on Sporcle, you need to verify the email address you used during registration. Go to your Sporcle Settings to finish the process.

Report this User

Report this user for behavior that violates our Community Guidelines.

Details: